Songs Used in the Movie Baby Driver - Statistics

General Stats
  • This quiz has been taken 4 times
  • The average score is 7 of 30
Answer Stats
Hint Song Title % Correct
6 B-A-B-Y
100%
28 Baby Driver
33%
14 Baby Let Me Take You (In My Arms)
33%
1 Bellbottoms
33%
13 Bongolia
33%
26 Brighton Rock
33%
30 Chase Me
33%
12 Debra
33%
27 Easy
33%
10 Easy (Single Version)
33%
20 Every Little Bit Hurts
33%
2 Harlem Shuffle
33%
22 Hocus Pocus
33%
7 Kashmere
33%
25 Know How
33%
9 Neat Neat Neat
33%
17 Nowhere to Run
33%
16 The Edge
33%
8 Unsquare Dance
33%
19 When Something is Wrong with My Baby
33%
11 Debora
0%
15 Early in the Morning
0%
3 Egyptian Reggae
0%
21 Intermission
0%
5 Let's Go Away for Awhile
0%
24 Never, Never Gonna Give Ya Up
0%
23 Radar Love
0%
4 Smokey Joe's La La
0%
18 Tequila
0%
29 Was He Slow?
0%
No matching quizzes found
Score Distribution
Percent of People with Each Score
Percentile by Number Answered
Your Score History
You have not taken this quiz